00442cam a2200181 a 4500001000800000005001700008008004100025010001700066020003100083040001800114041000800132080000900140082001600149100000700165101000800172245004800180504003200228333239620180115073458.0850611s1985 enk b 001 0 eng  a 85013846  a0192892010 (pbk.) :c$6.50 aDLCcDLCdDLC aeng a501 00a501 HAR2191 a24 aFIL14aThe philosophies of science /cRom Harré. aBibliography: p. [196]-198.